[Event "SportAccord Blitz Men 2013"]
[Site "Beijing CHN"]
[Date "2013.12.15"]
[Round "14.6"]
[White "Le, Quang Liem"]
[Black "Ivanchuk, Vassily"]
[Result "1-0"]
[WhiteTitle "GM"]
[BlackTitle "GM"]
[WhiteElo "2703"]
[BlackElo "2731"]
[WhiteFideId "12401137"]
[BlackFideId "14100010"]
[EventDate "2013.12.14"]

1. d4 d6 2. Nf3 g6 3. g3 Bg7 4. Bg2 Nf6 5. O-O O-O 6. c4 Bf5 7. Nc3 Ne4 8. Bd2
Nxd2 9. Qxd2 c5 10. d5 Na6 11. Rfe1 Nc7 12. h3 Bd7 13. a4 a6 14. a5 Re8 15. e4
e5 16. Reb1 Rc8 17. b4 Na8 18. Ne1 b6 19. axb6 Nxb6 20. Rxa6 Nxc4 21. Qd3 cxb4
22. Rxb4 Qc7 23. Bf1 Na5 24. Nb5 Qc5 25. Qb1 Nb7 26. Na7 Nd8 27. Nxc8 Bxc8 28.
Rc4 1-0

[Event "SportAccord Blitz Men 2013"]
[Site "Beijing CHN"]
[Date "2013.12.15"]
[Round "14.7"]
[White "Grischuk, Alexander"]
[Black "Wang, Yue"]
[Result "0-1"]
[WhiteTitle "GM"]
[BlackTitle "GM"]
[WhiteElo "2783"]
[BlackElo "2723"]
[WhiteFideId "4126025"]
[BlackFideId "8601429"]
[EventDate "2013.12.14"]

1. e4 c5 2. Nf3 e6 3. d4 cxd4 4. Nxd4 Nc6 5. Nc3 Qc7 6. Be3 a6 7. Qf3 b5 8. Nxc6
Qxc6 9. O-O-O Bb7 10. Bd3 Nf6 11. Bd4 b4 12. Bxf6 gxf6 13. Ne2 f5 14. Ng3 Bg7
15. Kb1 Qc5 16. Qf4 Be5 17. Qd2 f4 18. Ne2 Qxf2 19. Rhf1 Qe3 20. Qxb4 Rb8 21. b3
Bc6 22. Qd2 Qxd2 23. Rxd2 a5 24. Nxf4 Ke7 25. g3 h5 26. Ng2 a4 27. Nh4 axb3 28.
cxb3 Rb4 29. Rdf2 Rh7 30. Nf3 f6 31. Nxe5 fxe5 32. Re2 h4 33. g4 Rd4 34. Rf3 Rh8
35. Kb2 d5 36. exd5 Bxd5 37. Rfe3 Rxg4 38. Rxe5 Kd6 39. Bc4 h3 40. Bxd5 exd5 41.
Re6+ Kc5 42. Rc2+ Kd4 43. Rd2+ Kc5 44. Rc2+ Kd4 45. Rd2+ Kc5 46. Re5 Rd4 47.
Rc2+ Kd6 48. Re3 Rg4 49. a4 Rg2 50. Ree2 Rhg8 51. Red2 Ke5 52. a5 d4 53. b4 Ke4
54. Kb3 d3 55. Rc4+ Ke3 56. Rd1 Rg1 57. Rxg1 Rxg1 58. Rc3 Kd4 59. Rc4+ Ke3 60.
Rc3 Ke2 61. Rc8 d2 62. Re8+ Kf3 63. Rf8+ Kg2 64. Rd8 d1=Q+ 65. Rxd1 Rxd1 66. a6
Ra1 67. b5 Kxh2 68. Kb4 Kg3 69. Kc5 h2 70. b6 h1=Q 71. b7 Rb1 0-1

[Event "SportAccord Blitz Men 2013"]
[Site "Beijing CHN"]
[Date "2013.12.15"]
[Round "14.8"]
[White "Nepomniachtchi, Ian"]
[Black "Mamedyarov, Shakhriyar"]
[Result "1/2-1/2"]
[WhiteTitle "GM"]
[BlackTitle "GM"]
[WhiteElo "2721"]
[BlackElo "2757"]
[WhiteFideId "4168119"]
[BlackFideId "13401319"]
[EventDate "2013.12.14"]

1. e4 c6 2. Nf3 d5 3. Nc3 Bg4 4. h3 Bxf3 5. Qxf3 e6 6. d4 dxe4 7. Qxe4 Nf6 8.
Qd3 Na6 9. a3 Qa5 10. Rb1 Nc7 11. Bd2 O-O-O 12. Be2 Qf5 13. Qxf5 exf5 14. Bd3 g6
15. Ne2 Ne6 16. c3 c5 17. Bc4 cxd4 18. Nxd4 Nxd4 19. cxd4 Nd5 20. Rc1 Kb8 21.
O-O Bg7 22. Rfd1 a6 23. Bxd5 Rxd5 24. Bf4+ Ka8 25. Be5 Bxe5 26. dxe5 Rhd8 27.
Rxd5 Rxd5 28. f4 Kb8 29. Rc2 Rd4 30. g3 Rd3 31. Kf2 h5 32. h4 Rb3 33. Kg2 b5 34.
Kf2 a5 35. Rd2 Kc7 36. Rc2+ Kb6 37. Rd2 Kc5 38. Rc2+ Kd5 39. Rd2+ Kc4 40. Rc2+
Kd3 41. Rc7 Rxb2+ 42. Kf3 Rb3 43. Rxf7 Kd4+ 44. Kf2 Kd5 45. Rd7+ Ke6 46. Rd6+
Ke7 47. Rb6 a4 48. Kg2 Kd7 49. e6+ Ke7 50. Kf2 Rxa3 51. Rxb5 Kxe6 52. Rb6+ Kd5
53. Rxg6 Ra2+ 54. Kf3 a3 55. Rf6 Ra1 56. Rxf5+ Kc4 57. Rxh5 a2 58. Ra5 Rf1+ 59.
Ke4 a1=Q 60. Rxa1 Rxa1 61. h5 Rg1 62. f5 Rxg3 63. f6 Rg8 64. h6 Rh8 65. f7 Kc5
66. Ke5 Kc6 67. Kf6 Kd6 68. Kg7 Ke7 69. Kxh8 Kxf7 1/2-1/2

[Event "SportAccord Blitz Men 2013"]
[Site "Beijing CHN"]
[Date "2013.12.15"]
[Round "15.1"]
[White "Mamedyarov, Shakhriyar"]
[Black "Aronian, Levon"]
[Result "1-0"]
[WhiteTitle "GM"]
[BlackTitle "GM"]
[WhiteElo "2757"]
[BlackElo "2803"]
[WhiteFideId "13401319"]
[BlackFideId "13300474"]
[EventDate "2013.12.14"]

1. d4 Nf6 2. c4 e6 3. Nc3 Bb4 4. Qc2 O-O 5. Nf3 d5 6. Bg5 h6 7. Bxf6 Qxf6 8. e3
Nd7 9. a3 Bxc3+ 10. Qxc3 dxc4 11. Bxc4 c5 12. Rd1 b6 13. Bb5 a6 14. Bxd7 Bxd7
15. dxc5 Qxc3+ 16. bxc3 Ba4 17. Rd4 b5 18. Ne5 Rfc8 19. Nd7 Ra7 20. Kd2 f6 21.
Rb1 e5 22. Rd6 Kf7 23. Rd5 Rac7 24. e4 a5 25. Nb6 Re8 26. Nxa4 bxa4 27. Rb5 Ra8
28. c4 h5 29. h4 Kg6 30. Kc3 Kh6 31. Rd6 Rac8 32. Rxa5 Rb7 33. Rb5 Rxb5 34. cxb5
Rxc5+ 35. Kb4 Rc2 36. Kxa4 Rxf2 37. b6 Rxg2 38. Rd3 1-0

[Event "SportAccord Blitz Men 2013"]
[Site "Beijing CHN"]
[Date "2013.12.15"]
[Round "15.2"]
[White "Wang, Yue"]
[Black "Nepomniachtchi, Ian"]
[Result "1/2-1/2"]
[WhiteTitle "GM"]
[BlackTitle "GM"]
[WhiteElo "2723"]
[BlackElo "2721"]
[WhiteFideId "8601429"]
[BlackFideId "4168119"]
[EventDate "2013.12.14"]

1. c4 Nf6 2. Nc3 c5 3. g3 Nc6 4. Bg2 g6 5. Nf3 d5 6. cxd5 Nxd5 7. Ng5 e6 8. d3
Bg7 9. Bd2 O-O 10. O-O b6 11. Nf3 Bb7 12. Qc1 Nd4 13. Nxd4 cxd4 14. Nxd5 Bxd5
15. Qd1 Bxg2 16. Kxg2 Qd5+ 17. f3 Rfc8 18. Qa4 b5 19. Qd1 a5 20. a3 Bf8 21. Kf2
a4 22. Rc1 e5 23. Rxc8 Rxc8 24. Qb1 f5 25. Rc1 Re8 26. Qc2 e4 27. Bf4 exf3 28.
exf3 Qe6 29. Qc6 Qe2+ 30. Kg1 Qe6 31. Qxb5 h6 32. h4 g5 33. hxg5 hxg5 34. Bxg5
Bd6 35. Qc4 Bxg3 36. Kg2 Bd6 37. Qxe6+ Rxe6 38. Rc4 Re2+ 39. Kf1 Rxb2 40. Rxd4
Bxa3 41. Rxa4 Bc5 42. Rf4 Rb1+ 43. Ke2 Rb2+ 44. Kd1 Kh7 45. Rxf5 Bd4 46. Rd5 Bg7
47. Bd2 Ra2 48. f4 Kg6 49. Be3 Bf8 50. Rg5+ Kf7 51. Rf5+ Ke8 52. Bd4 Bb4 53.
Re5+ Kf7 54. Re2 Ra4 55. Re4 Ra2 56. Be5 Ba5 57. Rc4 Rd2+ 58. Kc1 Rxd3 59. f5
Rd5 60. Bc3 Bxc3 61. Rxc3 Rxf5 1/2-1/2

[Event "SportAccord Blitz Men 2013"]
[Site "Beijing CHN"]
[Date "2013.12.15"]
[Round "15.4"]
[White "Karjakin, Sergey"]
[Black "Le, Quang Liem"]
[Result "1-0"]
[WhiteTitle "GM"]
[BlackTitle "GM"]
[WhiteElo "2756"]
[BlackElo "2703"]
[WhiteFideId "14109603"]
[BlackFideId "12401137"]
[EventDate "2013.12.14"]

1. e4 e5 2. Nf3 Nc6 3. Bb5 Nf6 4. d3 Bc5 5. c3 O-O 6. O-O d6 7. h3 a6 8. Bxc6
bxc6 9. d4 Bb6 10. Re1 Re8 11. dxe5 dxe5 12. Qa4 Qd6 13. Na3 Nd7 14. Be3 Qg6 15.
Kh2 Nc5 16. Qc2 f6 17. Nc4 Be6 18. Nxb6 cxb6 19. Bxc5 bxc5 20. Qa4 Rec8 21. Rad1
Qh5 22. Re3 Qf7 23. Rd6 Bxa2 24. Rxc6 Qc4 25. Rxc8+ Rxc8 26. Qd7 Rf8 27. Nh4 Qb5
28. Qd6 g6 29. Rg3 Qb8 30. Qxa6 Qxb2 31. Nf5 Kh8 32. Qa7 Bf7 33. Qe7 1-0

[Event "SportAccord Blitz Men 2013"]
[Site "Beijing CHN"]
[Date "2013.12.15"]
[Round "15.5"]
[White "Radjabov, Teimour"]
[Black "Kamsky, Gata"]
[Result "0-1"]
[WhiteTitle "GM"]
[BlackTitle "GM"]
[WhiteElo "2713"]
[BlackElo "2721"]
[WhiteFideId "13400924"]
[BlackFideId "2000024"]
[EventDate "2013.12.14"]

1. d4 d5 2. c4 c6 3. cxd5 cxd5 4. Bf4 e6 5. Nc3 Bd6 6. Bg3 Nc6 7. Nf3 Bxg3 8.
hxg3 Nf6 9. e3 Qd6 10. Bd3 h6 11. Qe2 Bd7 12. a3 Rc8 13. Rc1 O-O 14. O-O Rfd8
15. Rc2 Qb8 16. Rfc1 Ne8 17. b4 Nd6 18. Nb5 Ne7 19. Ne5 Bxb5 20. Bxb5 Rxc2 21.
Rxc2 Rc8 22. Bd3 Rxc2 23. Qxc2 Qc8 24. Qc5 Qxc5 25. bxc5 Ne8 26. Kf1 Nc7 27. Ke2
f6 28. Ng6 Nxg6 29. Bxg6 b6 30. cxb6 axb6 31. Bd3 Kf8 32. Kd2 Ne8 33. f3 Nd6 34.
e4 dxe4 35. fxe4 e5 36. Ke3 Kf7 37. a4 Kg6 38. Be2 Kg5 39. Kd3 h5 40. Ke3 h4 41.
gxh4+ Kxh4 42. dxe5 fxe5 43. Kf3 Nb7 44. Bf1 Nc5 45. g3+ Kg5 46. Bb5 Nb3 47. Bd7
Kf6 48. Ke3 Ke7 49. Bb5 Kd6 50. Kd3 Kc5 51. Kc3 Nd4 52. Bc4 g5 53. Bd3 Nc6 54.
Bb5 Ne7 55. Be2 Ng8 56. g4 Nf6 57. Bf3 Nd7 58. Be2 Nf8 59. Bc4 Ng6 60. Be2 Ne7
61. Bb5 Nc8 62. Be2 Na7 63. Bd3 Nc6 64. Bc4 Nd4 65. Bd3 Ne6 66. Be2 Nf8 67. Bb5
Nh7 68. Be2 Nf6 69. Bf3 b5 70. a5 Nd7 71. Be2 Nb8 72. Bf1 Nc6 73. a6 Kb6 0-1

[Event "SportAccord Blitz Men 2013"]
[Site "Beijing CHN"]
[Date "2013.12.15"]
[Round "15.6"]
[White "Dominguez Perez, Leinier"]
[Black "Leko, Peter"]
[Result "1/2-1/2"]
[WhiteTitle "GM"]
[BlackTitle "GM"]
[WhiteElo "2754"]
[BlackElo "2730"]
[WhiteFideId "3503240"]
[BlackFideId "703303"]
[EventDate "2013.12.14"]

1. e4 e5 2. Nf3 Nc6 3. Bb5 Nf6 4. O-O Nxe4 5. Re1 Nd6 6. Nxe5 Be7 7. Bf1 Nxe5 8.
Rxe5 O-O 9. d4 Bf6 10. Re1 Re8 11. c3 Rxe1 12. Qxe1 Ne8 13. Bf4 d5 14. Bd3 g6
15. Nd2 Ng7 16. Nf3 Bf5 17. Bxf5 Nxf5 18. Qe2 c6 19. Re1 Ng7 20. Be5 Ne6 21. g3
h5 22. Kg2 Qe7 23. Bxf6 Qxf6 24. Qe5 Qxe5 25. Nxe5 Kg7 26. Nd3 Kf6 27. h4 Re8
28. Re3 Nc7 29. Rxe8 Nxe8 30. Nc5 Nd6 31. Nd3 Ne4 32. Kf3 Nd6 33. Kg2 Ne4 34.
Kf3 Nd6 1/2-1/2

[Event "SportAccord Blitz Men 2013"]
[Site "Beijing CHN"]
[Date "2013.12.15"]
[Round "15.7"]
[White "Giri, Anish"]
[Black "Wang, Hao"]
[Result "1-0"]
[WhiteTitle "GM"]
[BlackTitle "GM"]
[WhiteElo "2734"]
[BlackElo "2735"]
[WhiteFideId "24116068"]
[BlackFideId "8602883"]
[EventDate "2013.12.14"]

1. d4 Nf6 2. c4 e6 3. Nf3 d5 4. g3 Bb4+ 5. Bd2 Be7 6. Bg2 c6 7. O-O O-O 8. Qc2
b6 9. Rd1 Bb7 10. Bf4 Nbd7 11. Ne5 Rc8 12. Nc3 Nh5 13. Bc1 Nhf6 14. e4 dxc4 15.
Nxc4 b5 16. Ne3 Qb6 17. a4 a5 18. b3 Rfe8 19. Bb2 Bb4 20. h4 c5 21. d5 exd5 22.
Nxb5 c4 23. Bd4 cxb3 24. Qxb3 Nc5 25. Qb2 Nxa4 26. Qe2 Nc5 27. e5 Nfe4 28. Bxe4
dxe4 29. Nd6 Rb8 30. Nxe8 Rxe8 31. Rac1 Qa6 32. Qxa6 Nxa6 33. Nf5 h6 34. Nd6 Rb8
35. Ba7 Ra8 36. Be3 Rb8 37. Nxb7 Rxb7 38. Rd8+ Kh7 39. h5 Rb8 40. Rxb8 Nxb8 41.
Rc7 a4 42. Rxf7 a3 43. Bd4 Nc6 44. Ba1 Bc5 45. Rc7 Bd4 46. Rxc6 Bxa1 47. e6 Bf6
48. Ra6 Be7 49. Ra7 1-0

[Event "SportAccord Blitz Men 2013"]
[Site "Beijing CHN"]
[Date "2013.12.15"]
[Round "15.8"]
[White "Vachier-Lagrave, Maxime"]
[Black "Ponomariov, Ruslan"]
[Result "0-1"]
[WhiteTitle "GM"]
[BlackTitle "GM"]
[WhiteElo "2745"]
[BlackElo "2731"]
[WhiteFideId "623539"]
[BlackFideId "14103320"]
[EventDate "2013.12.14"]

1. e4 e5 2. Nf3 Nc6 3. Bc4 Nf6 4. d3 Bc5 5. c3 O-O 6. Nbd2 a6 7. Bb3 h6 8. O-O
Re8 9. Re1 d6 10. Nf1 Be6 11. Bc2 d5 12. Qe2 Bf8 13. Ng3 g6 14. h3 Bg7 15. Be3
Qd7 16. Rad1 Rad8 17. a3 Qc8 18. b4 b5 19. Nh2 a5 20. Qf3 Kh7 21. Bd2 axb4 22.
axb4 d4 23. Ne2 Qd7 24. Ra1 Ra8 25. g4 dxc3 26. Bxc3 Qd6 27. Qg3 Nd7 28. Rab1
Ra2 29. Rec1 Rea8 30. Nf3 Kg8 31. h4 R2a3 32. g5 h5 33. Bd2 Bg4 34. Nc3 Rb8 35.
Nd5 Bxf3 36. Qxf3 Nd4 37. Qe3 c6 38. Nc3 Rba8 39. Bd1 Nf8 40. Kg2 Nfe6 41. Qh3
Nf4+ 42. Bxf4 exf4 43. Kh1 Be5 44. Ne2 Kg7 45. Ng1 Ra2 46. Qg2 Rd2 47. Nf3 Nxf3
48. Bxf3 Raa2 49. Rf1 Bd4 50. e5 Qxe5 51. Rbe1 Qd6 52. Bxc6 Rxf2 53. Rxf2 Rxf2
54. Qd5 Qxb4 55. Rg1 Qb2 56. Rg2 f3 0-1

[Event "SportAccord Blitz Men 2013"]
[Site "Beijing CHN"]
[Date "2013.12.15"]
[Round "16.1"]
[White "Aronian, Levon"]
[Black "Ponomariov, Ruslan"]
[Result "1-0"]
[WhiteTitle "GM"]
[BlackTitle "GM"]
[WhiteElo "2803"]
[BlackElo "2731"]
[WhiteFideId "13300474"]
[BlackFideId "14103320"]
[EventDate "2013.12.14"]

1. c4 f5 2. g3 Nf6 3. Bg2 g6 4. Nc3 Bg7 5. d4 O-O 6. Nf3 d6 7. O-O c6 8. Qc2 Na6
9. Rd1 Bd7 10. b3 Kh8 11. Bb2 Qe8 12. Ba3 h6 13. Rac1 g5 14. e3 Qh5 15. Qe2 Rae8
16. Ne1 Qg6 17. Qc2 Nc7 18. Nf3 Qh5 19. c5 d5 20. Ne5 Bc8 21. h3 Rd8 22. Bb4 Be6
23. Ba5 Rc8 24. g4 fxg4 25. Ng6+ Kg8 26. Nxe7+ Kf7 27. Nxc8 Rxc8 28. hxg4 Nxg4
29. Bxc7 Rxc7 30. Qe2 Kg8 31. f3 Qh2+ 32. Kf1 Rf7 33. Ke1 Rf8 34. Kd2 Qg3 35.
Rg1 Nh2 36. f4 Qh4 37. Kc2 Bf5+ 38. e4 dxe4 39. Bxe4 Qxf4 40. Bxf5 Qxf5+ 41. Kb2
Nf3 42. Rgf1 Bxd4 43. Rxf3 Qxf3 44. Qc4+ Kh7 45. Qxd4 Rf7 46. Rc2 g4 47. Ne4 g3
48. Rc3 Qe2+ 49. Ka3 Qa6+ 50. Kb2 Qe2+ 51. Rc2 Qf3 52. Rc3 Qe2+ 53. Ka3 g2 54.
Rg3 Qa6+ 55. Kb4 Qb5+ 56. Kc3 Qf1 57. Kb4 Qb5+ 58. Kc3 Qf1 59. Kb4 Qb5+ 60. Kc3
Qf1 61. Kb2 Qe2+ 62. Ka3 Qa6+ 63. Kb2 Qe2+ 64. Ka3 Qa6+ 65. Kb4 Qb5+ 66. Kc3 Qf1
67. Qe3 a5 68. Kb2 a4 69. bxa4 Rd7 70. Ka3 Rf7 71. Kb4 Qb1+ 72. Ka5 Qf1 73. Nd6
Rg7 74. Qe4+ Kh8 75. Qe8+ Kh7 76. Qe4+ Kh8 77. Qe5 Qf8 78. Rxg2 1-0

[Event "SportAccord Blitz Men 2013"]
[Site "Beijing CHN"]
[Date "2013.12.15"]
[Round "16.2"]
[White "Vachier-Lagrave, Maxime"]
[Black "Wang, Hao"]
[Result "1/2-1/2"]
[WhiteTitle "GM"]
[BlackTitle "GM"]
[WhiteElo "2745"]
[BlackElo "2735"]
[WhiteFideId "623539"]
[BlackFideId "8602883"]
[EventDate "2013.12.14"]

1. e4 c6 2. d4 d5 3. e5 Bf5 4. Nf3 e6 5. Be2 Ne7 6. O-O Bg6 7. Nbd2 Nf5 8. Nb3
Nd7 9. a4 a6 10. a5 c5 11. c3 Rc8 12. Bf4 cxd4 13. Nbxd4 Nxd4 14. Nxd4 Be7 15.
Re1 O-O 16. Bf1 Nb8 17. Qb3 Qd7 18. g3 Nc6 19. Nxc6 Qxc6 20. Be3 Rfd8 21. Bd4
Rd7 22. Rec1 Bc5 23. Rd1 Rb8 24. Rd2 Rc8 25. Bxc5 Qxc5 26. Rd4 Qc7 27. Qa4 Rdd8
28. Re1 Rb8 29. Qa3 Be4 30. Rb4 h5 31. Bg2 Bxg2 32. Kxg2 Qc5 33. Rd1 Qc7 34. Re1
Qc5 35. Qa4 Qc6 36. Re2 Rdc8 37. h3 Qxa4 38. Rxa4 Rc5 39. Rd2 Rb5 40. b4 Rc8 41.
Ra3 Rc4 42. Kf3 g5 43. Rd3 Kg7 44. Ke2 Kg6 45. Kd2 Re4 46. Re3 Kf5 47. Rf3+ Kg6
48. Re3 Rc4 49. Kd3 b6 50. axb6 Rxb6 51. f3 Rbc6 52. g4 d4 53. cxd4 Rxb4 54. Ke4
Rcc4 55. Red3 Rc6 56. gxh5+ Kxh5 57. f4 gxf4 58. Kxf4 Rb1 59. Rf3 Rd1 60. Ke4
Rc4 61. Rad3 Rxd3 62. Kxd3 Rc7 63. Ke4 a5 64. Ra3 Ra7 65. Kd3 Kh4 66. Kc4 a4 67.
Kb5 Ra8 68. Kc6 Ra5 69. Kb6 Rd5 70. Rxa4 Kxh3 71. Kc6 Kg4 72. Ra7 Rxd4 73. Rxf7
Rd5 74. Rf6 Rxe5 75. Kd6 Re4 76. Rxe6 1/2-1/2

[Event "SportAccord Blitz Men 2013"]
[Site "Beijing CHN"]
[Date "2013.12.15"]
[Round "16.3"]
[White "Giri, Anish"]
[Black "Leko, Peter"]
[Result "1-0"]
[WhiteTitle "GM"]
[BlackTitle "GM"]
[WhiteElo "2734"]
[BlackElo "2730"]
[WhiteFideId "24116068"]
[BlackFideId "703303"]
[EventDate "2013.12.14"]

1. Nf3 Nf6 2. g3 e6 3. Bg2 Be7 4. O-O d5 5. d3 c5 6. Nbd2 Nc6 7. e4 O-O 8. Re1
b5 9. e5 Nd7 10. Nf1 b4 11. h4 a5 12. h5 Ba6 13. h6 g6 14. Bf4 a4 15. a3 bxa3
16. bxa3 Qc7 17. Qc1 Rfc8 18. Ne3 Qd8 19. Ng4 Nd4 20. Ngh2 Qc7 21. Qd2 Rab8 22.
Ra2 Nxf3+ 23. Nxf3 c4 24. d4 c3 25. Qc1 Bc4 26. Ra1 Rb2 27. Bg5 Bf8 28. Bh3 Rcb8
29. Kg2 R8b6 30. Re3 Ba6 31. Qd1 Rb8 32. Nh2 R8b7 33. Rf3 R7b6 34. Ng4 Rc6 35.
Bc1 Rb8 36. Bg5 Rc4 37. Ne3 Rc6 38. Bf4 Qa7 39. Bg5 Rb2 40. Rf4 Nb6 41. Qf3 Nc4
42. Ng4 Nd2 43. Nf6+ Kh8 44. Qd1 Rc4 45. Bxe6 fxe6 46. Qg4 Rb6 47. Nd7 Rc8 48.
Rf7 Ne4 49. Qf4 Rbb8 50. Nxf8 Qxd4 1-0

[Event "SportAccord Blitz Men 2013"]
[Site "Beijing CHN"]
[Date "2013.12.15"]
[Round "16.4"]
[White "Dominguez Perez, Leinier"]
[Black "Kamsky, Gata"]
[Result "1-0"]
[WhiteTitle "GM"]
[BlackTitle "GM"]
[WhiteElo "2754"]
[BlackElo "2721"]
[WhiteFideId "3503240"]
[BlackFideId "2000024"]
[EventDate "2013.12.14"]

1. e4 c6 2. d4 d5 3. Nc3 g6 4. Nf3 Bg7 5. h3 dxe4 6. Nxe4 Nd7 7. Bc4 Ndf6 8.
Nxf6+ Nxf6 9. O-O Nd5 10. Re1 O-O 11. Bb3 b6 12. c4 Nf6 13. Bg5 Bb7 14. Qe2 e6
15. Rad1 Re8 16. Ne5 h6 17. Bf4 Qe7 18. Qc2 Rac8 19. a3 Qf8 20. Ba2 Red8 21. c5
Nd5 22. Bg3 Ba6 23. b4 h5 24. Bb1 Ne7 25. Bh4 bxc5 26. bxc5 Rc7 27. Ba2 Kh7 28.
Bb1 Nf5 29. Bxd8 Qxd8 30. Qc3 Bb5 31. Bxf5 gxf5 32. Qe3 Bh6 33. Qf3 Qg5 34. Qb3
Qd8 35. a4 Ba6 36. Qf3 Qg5 37. Rb1 Bg7 38. Rb8 Bxe5 39. dxe5 Bc4 40. Qe3 Qg6 41.
Qf4 Bd5 42. Qg3 f4 43. Qxg6+ Kxg6 44. Reb1 Kf5 45. R1b7 Rxb7 46. Rxb7 a6 47. Rb6
a5 48. Ra6 Kxe5 49. Rxa5 Kd4 50. Ra7 Kxc5 51. Rxf7 e5 52. Re7 e4 53. Kf1 Kb4 54.
Ke1 c5 55. Re5 Bc6 56. Rxh5 c4 57. Rf5 c3 58. Kd1 Kb3 59. Kc1 e3 60. fxe3 fxe3
61. Re5 Bxg2 62. Rxe3 Kxa4 63. Rxc3 Kb4 64. Kd2 Be4 65. h4 Bg6 66. Rc1 1-0

[Event "SportAccord Blitz Men 2013"]
[Site "Beijing CHN"]
[Date "2013.12.15"]
[Round "16.5"]
[White "Radjabov, Teimour"]
[Black "Le, Quang Liem"]
[Result "0-1"]
[WhiteTitle "GM"]
[BlackTitle "GM"]
[WhiteElo "2713"]
[BlackElo "2703"]
[WhiteFideId "13400924"]
[BlackFideId "12401137"]
[EventDate "2013.12.14"]

1. Nf3 g6 2. c4 c5 3. Nc3 Bg7 4. g3 Nc6 5. Bg2 Nf6 6. O-O O-O 7. d3 b6 8. e4 Bb7
9. Bg5 h6 10. Bf4 d6 11. h3 Ne8 12. Be3 Nd4 13. Nh4 e6 14. f4 Qd7 15. Qd2 Kh7
16. Rae1 f5 17. g4 Rd8 18. Kh2 Bf6 19. Nf3 Ng7 20. Bg1 Rde8 21. Qd1 Kg8 22. Qd2
Ba8 23. exf5 gxf5 24. Nxd4 cxd4 25. Nb5 e5 26. Bxa8 Rxa8 27. Qg2 Kh7 28. g5 hxg5
29. fxg5 Be7 30. g6+ Kh8 31. Nxd4 exd4 32. Bxd4 d5 33. Qf3 Bf6 34. Qf4 Kg8 35.
Qh6 Ne6 36. Rxe6 Bxd4 37. Rfe1 Qg7 38. Qf4 Bc5 39. h4 dxc4 40. h5 Qd4 41. Qxd4
Bxd4 42. dxc4 Bg7 43. Re7 f4 44. Kg2 Rf5 45. Rd7 Rxh5 46. Ree7 Bf6 47. Rf7 Rg5+
48. Kf3 Rxg6 49. Kxf4 Bxb2 50. Rxa7 Rxa7 51. Rxa7 Rc6 52. Ra4 Kf7 53. Ke4 Ke6
54. Kd3 Kd6 55. Rb4 Ba3 56. Rb5 Kc7 57. Kc3 Rh6 58. Kb3 Rh3+ 59. Ka4 Bc5 60. Rb3
Rh4 61. Kb5 Rh8 62. Rh3 Rxh3 0-1

[Event "SportAccord Blitz Men 2013"]
[Site "Beijing CHN"]
[Date "2013.12.15"]
[Round "16.6"]
[White "Karjakin, Sergey"]
[Black "Grischuk, Alexander"]
[Result "1-0"]
[WhiteTitle "GM"]
[BlackTitle "GM"]
[WhiteElo "2756"]
[BlackElo "2783"]
[WhiteFideId "14109603"]
[BlackFideId "4126025"]
[EventDate "2013.12.14"]

1. e4 c5 2. Nf3 Nc6 3. Nc3 g6 4. Bb5 Nd4 5. Ba4 Qa5 6. Rb1 Nf6 7. e5 Ne4 8. Nxe4
Qxa4 9. b3 Nxf3+ 10. gxf3 Qc6 11. Bb2 Bg7 12. Qe2 O-O 13. h4 h5 14. Rg1 b6 15.
d3 Bb7 16. Qe3 Qe6 17. Kd2 Rae8 18. Qf4 Bxe4 19. fxe4 Kh7 20. Qg3 d5 21. exd6
exd6 22. Bxg7 Kxg7 23. f4 d5 24. f5 Qe5 25. fxg6 Qxg3 26. gxf7 Rxe4 27. dxe4
Qxg1 28. Rxg1+ Kf6 29. exd5 Ke5 30. Rf1 Kxd5 31. Ke3 Ke5 32. c4 a6 33. a4 a5 34.
Rf2 Ke6 35. Ke4 Ke7 36. Ke5 Rxf7 37. Rxf7+ Kxf7 1-0

[Event "SportAccord Blitz Men 2013"]
[Site "Beijing CHN"]
[Date "2013.12.15"]
[Round "16.7"]
[White "Ivanchuk, Vassily"]
[Black "Nepomniachtchi, Ian"]
[Result "1/2-1/2"]
[WhiteTitle "GM"]
[BlackTitle "GM"]
[WhiteElo "2731"]
[BlackElo "2721"]
[WhiteFideId "14100010"]
[BlackFideId "4168119"]
[EventDate "2013.12.14"]

1. g3 d5 2. Bg2 g6 3. c4 dxc4 4. Qa4+ c6 5. Qxc4 Bg7 6. Nf3 e5 7. O-O Ne7 8. Nc3
O-O 9. d3 Nd7 10. Qh4 Nf5 11. Qxd8 Rxd8 12. Bg5 Re8 13. Ne4 h6 14. Bd2 Nb6 15.
Nc5 Nd7 16. Ne4 Nb6 17. Rfc1 g5 18. Kf1 Nd5 19. b4 a6 20. Rab1 Nc7 21. a4 Rd8
22. Nc5 Nd6 23. Ne1 Rb8 24. Nc2 Bf5 25. Ne3 Bg6 26. Nc4 Nxc4 27. Rxc4 f6 28. Ke1
Bf8 29. Rc2 Bf7 30. Rbc1 Bxc5 31. Rxc5 Bb3 32. a5 Bd5 33. Bh3 Be6 34. Bg2 Nb5
35. Be3 Kf7 36. f4 exf4 37. gxf4 Nc7 38. Kf2 Bd5 39. Bh3 Be6 40. f5 Bb3 41. Bg4
Nb5 42. h4 Rh8 43. Bh5+ Kg7 44. Rg1 Nd6 45. Bd4 Nf7 46. e4 Rbd8 47. Ke3 Ba4 48.
Rcc1 Bb5 49. Rcd1 Rd7 50. Bc3 Rhd8 51. Be2 Rd6 52. Rd2 Kf8 53. Rh1 Kg7 54. Rhd1
Kf8 55. Rg1 Kg7 56. Bb2 Kf8 57. Ba1 Kg7 58. Bc3 Kf8 59. Rdd1 Kg7 60. Rg3 Kf8 61.
Kf2 Re8 62. Rd2 Ne5 63. hxg5 hxg5 64. Rd1 Rd7 65. Rh3 Rg7 66. Rdh1 Ke7 67. Ke3
Kd6 68. Rh6 Rf8 69. d4 Nc4+ 70. Kf2 Kd7 71. Rg6 Rgf7 72. e5 fxe5 73. dxe5 Rxf5+
74. Kg3 Nxe5 75. Rh7+ R5f7 76. Rxf7+ Nxf7 77. Bg4+ Ke7 78. Bf6+ Ke8 79. Be6 Nd8
80. Bb3 Kd7 81. Bxg5 Kc8 82. Rg8 Rxg8 83. Bxg8 Kd7 84. Kf2 Bd3 85. Ke1 Bf5 86.
Kd2 Be6 87. Bxd8 Bxg8 1/2-1/2

[Event "SportAccord Blitz Men 2013"]
[Site "Beijing CHN"]
[Date "2013.12.15"]
[Round "16.8"]
[White "Wang, Yue"]
[Black "Mamedyarov, Shakhriyar"]
[Result "0-1"]
[WhiteTitle "GM"]
[BlackTitle "GM"]
[WhiteElo "2723"]
[BlackElo "2757"]
[WhiteFideId "8601429"]
[BlackFideId "13401319"]
[EventDate "2013.12.14"]

1. c4 c6 2. d4 d5 3. cxd5 cxd5 4. Nc3 Nf6 5. Bf4 Nc6 6. e3 Bg4 7. Qb3 Na5 8.
Qa4+ Bd7 9. Qc2 Rc8 10. Nf3 Ne4 11. Bd3 Nxc3 12. bxc3 g6 13. h4 Nc6 14. Rb1 b6
15. h5 Rg8 16. hxg6 hxg6 17. Qe2 Na5 18. Ne5 Rxc3 19. Nxd7 Qxd7 20. Bb5 Nc6 21.
Qd2 Rc4 22. Rc1 e5 23. Rxc4 dxc4 24. d5 Bb4 25. Bxc6 Bxd2+ 26. Kxd2 exf4 27.
exf4 Kd8 28. Bxd7 Kxd7 29. Kc3 b5 30. Kd4 Kd6 31. Rh7 Rf8 32. Rh3 a5 33. a4 bxa4
34. Kxc4 Rb8 35. g3 a3 36. Rh1 Rb2 37. Ra1 a2 38. f3 a4 39. g4 a3 40. Kd4 Rb4+
41. Ke3 Kxd5 42. Rxa2 Rb3+ 43. Ke2 Rb2+ 0-1

[Event "SportAccord Blitz Men 2013"]
[Site "Beijing CHN"]
[Date "2013.12.15"]
[Round "17.1"]
[White "Wang, Yue"]
[Black "Aronian, Levon"]
[Result "0-1"]
[WhiteTitle "GM"]
[BlackTitle "GM"]
[WhiteElo "2723"]
[BlackElo "2803"]
[WhiteFideId "8601429"]
[BlackFideId "13300474"]
[EventDate "2013.12.14"]

1. c4 Nf6 2. g3 g6 3. Bg2 Bg7 4. Nc3 O-O 5. e4 c5 6. Nge2 Nc6 7. O-O d6 8. d3
Rb8 9. h3 a6 10. Be3 b5 11. b3 Ne8 12. Rc1 Nc7 13. f4 Ne6 14. f5 Ned4 15. g4 e6
16. Qd2 Re8 17. Bg5 f6 18. Bh4 b4 19. Nd1 Nxe2+ 20. Qxe2 exf5 21. gxf5 Bxf5 22.
Rxf5 gxf5 23. Ne3 Bh6 24. Rf1 Nd4 25. Qf2 Bxe3 26. Qxe3 Qe7 27. Kh1 Rf8 28. Qg3+
Kh8 29. exf5 Rbe8 30. Bd5 Qe5 31. Qxe5 Rxe5 32. Be4 Ne2 33. Kg2 a5 34. Kf3 Nd4+
35. Kg2 Re7 36. Bg3 Rg7 37. Kh2 Rd8 38. Bh4 Rf7 39. Bg3 Kg7 40. Bd5 Re7 41. Be4
Ne2 42. Bh4 Nc3 43. Rg1+ Kf7 44. Bf3 Re2+ 45. Kh1 Re3 46. Bh5+ Kf8 47. Bxf6
Rxh3+ 48. Kg2 Rxh5 49. Bxd8 Rxf5 50. Bxa5 Rg5+ 51. Kf2 Rxg1 52. Kxg1 Nxa2 53.
Kf2 Nc1 54. Ke3 Nxb3 55. Bc7 Ke7 0-1